Conjugaison Occitane - Statistiques

Statistiques générales
  • Ce quiz a été pris 18 fois
  • Le résultat moyen est 21 sur 142
Statistiques - réponses
Hint Réponse % Correct
parl a
92%
parl am
77%
parl as
77%
parl i
77%
parl an
62%
parl atz
46%
parl ava
38%
parl avan
38%
parl avas
38%
parl avi
31%
bat èm
31%
bat ètz
31%
bat i
31%
parl a
23%
bat a
23%
bat a
23%
parl ada
23%
parl arà
23%
parl arai
23%
parl aràn
23%
parl aràs
23%
parl arem
23%
parl aretz
23%
bat as
23%
parl at
23%
parl àvem
23%
parl àvetz
23%
parl e
23%
parl e
23%
bat es
23%
bast issèm
23%
bast issètz
23%
bat am
15%
bat am
15%
bat an
15%
parl ant
15%
parl ariá
15%
parl ariái
15%
parl ariam
15%
parl arián
15%
parl ariás
15%
parl ariatz
15%
parl atz
15%
bat atz
15%
parl em
15%
parl em
15%
parl en
15%
parl èrem
15%
parl ères
15%
parl èretz
15%
parl èri
15%
parl èron
15%
parl es
15%
parl etz
15%
bat ètz
15%
bast ís
15%
bast ís
15%
bast isses
15%
bast issi
15%
bast isson
15%
bat on
15%
bat uda
15%
bat ut
15%
bat ent
8%
bat èrem
8%
bat ères
8%
bat èretz
8%
bat èri
8%
bat èron
8%
parl èsse
8%
bat èsse
8%
parl èssem
8%
bat èssem
8%
parl èsses
8%
bat èsses
8%
parl èssetz
8%
bat èssetz
8%
parl èssi
8%
bat èssi
8%
parl èsson
8%
bat èsson
8%
parl èt
8%
bat èt
8%
bat
8%
bat iái
8%
bat iam
8%
bat ián
8%
bat iás
8%
bat iatz
8%
bast ida
8%
bast iguèrem
8%
bast iguères
8%
bast iguèretz
8%
bast iguèri
8%
bast iguèron
8%
bast iguèt
8%
bast irà
8%
bast irai
8%
bast iràn
8%
bast iràs
8%
bast irem
8%
bast iretz
8%
bast iriá
8%
bast iriái
8%
bast iriam
8%
bast irián
8%
bast iriás
8%
bast iriatz
8%
bast issent
8%
bast issètz
8%
bast issiá
8%
bast issiái
8%
bast issiam
8%
bast issián
8%
bast issiás
8%
bast issiatz
8%
bast it
8%
bat
8%
bat rai
8%
bat ràn
8%
bat ràs
8%
bat rem
8%
bat retz
8%
bat riá
8%
bat riái
8%
bat riam
8%
bat rián
8%
bat riás
8%
bat riatz
8%
bast iguèsse
0%
bast iguèssem
0%
bast iguèsses
0%
bast iguèssetz
0%
bast iguèssi
0%
bast iguèsson
0%
bast isca
0%
bast isca
0%
bast iscam
0%
bast iscam
0%
bast iscan
0%
bast iscas
0%
bast iscatz
0%
Aucun quiz correspondant
Distribution des résultats
% des personnes avec chaque résultat
Percentile par nombre de réponses
Votre historique - résultats
Vous n’avez pas pris ce quiz